[Event "Linares 14th"]
[Site "Linares"]
[Date "1997.02.04"]
[Round "1"]
[White "Polgar, Judit"]
[Black "Nikolic, Predrag"]
[Result "1-0"]
[WhiteElo "2645"]
[BlackElo "2655"]
[Annotator "Psakhis,L"]
[PlyCount "117"]
[EventDate "1997.02.04"]
[EventType "tourn"]
[EventRounds "11"]
[EventCountry "ESP"]
[EventCategory "18"]
[SourceTitle "CBM 057"]
[Source "ChessBase"]
[SourceDate "1997.04.01"]
[SourceVersion "1"]
[SourceVersionDate "1997.04.01"]
[SourceQuality "1"]

1. e4 e6 2. d4 d5 3. Nc3 Bb4 4. e5 Ne7 5. a3 Bxc3+ 6. bxc3 c5 7. Qg4 Kf8 {
Nikolic,s speciality. He played this move against strongest chessplayers (
Kasparov is included) with reasonable results. We decided not to follow main
lines ( 8.h4, 8.a4) and to choose rare continuation.} 8. Bd2 Qc7 {N/ New and
may be good move. Nikolic likes to put Q on c7 in many variations in French
defence.} (8... Qa5 9. a4 Nbc6 10. Nf3 Qb6 11. dxc5 Qxc5 12. Bd3 h6 13. O-O Qb6
14. Rfe1 $14 {1/2-1/2 Short,N-Nikolic,Pr/London PCA 5' 1994 (49)}) (8... Qb6 9.
dxc5 Qc7 (9... Qb2 10. Qd1 Nd7 11. Nf3 Nxc5 12. c4 Qb6 13. Be2 Bd7 14. O-O Rc8
15. cxd5 Nxd5 16. c4 $16 {1-0 Orlov,V-Karpeshov,O/Elista 1994 (36)}) 10. Nf3
Nd7 11. Be2 Nxe5 12. Nxe5 Qxe5 13. O-O h5 14. Qf3 Qe4 15. Qd3 Nc6 16. Rfe1 h4
17. h3 f6 18. Rab1 $16 {1-0 Kamsky,G-Ljubojevic,L/Melody Amber blind 1995 (59)}
) 9. Rc1 $5 {It is not in character of Judit Polgar to worry to much about her
pawns. Normal chessplayer will play 9.Bd3.} Qa5 $1 10. h4 Qxa3 11. h5 h6 12.
Rh3 c4 $1 {Just in time! White's light bishop was ready to jump on d3 and
later on g6.} 13. Rf3 $6 {Typical plan of attack, but not the best one. After
clever} (13. Qd1 $1 Qa5 14. Ra1 Qd8 15. Bc1 {[%cal Yc1a3,Ya3f8] Judit could
get reasonble compensation fora pawn.}) 13... Nbc6 $17 14. Rf4 b5 {Sergey
Dolmatov, coach of Kramnik, told me now " You can stop to worry, she has
nothing to lose already ". It was not so easy to stop to worry, but,
unfortunately, he was right in estimation of  position.} 15. Qf3 Nd8 16. g4 ({
And now desevrs attention} 16. Qd1 Qa5 17. Ra1 Qb6 18. Bc1 a5 19. Ba3 b4 $140
$2 20. Bxb4) 16... Ke8 17. Nh3 Rb8 (17... a5 $5 18. Rb1 (18. Qd1 Nec6) 18...
Bd7 19. Qd1 Nc8) 18. g5 (18. Qd1 Qa6 19. Ra1 Qb6 20. Bc1 a5) 18... Nf5 19. Bg2
(19. Rxf5 $5 exf5 20. gxh6 gxh6 21. Qxd5 $17) 19... a5 $1 20. gxh6 Nxh6 21. Qg3
Kf8 (21... Qf8 22. Ra1 Nc6) (21... Nf5 $143 22. Rxf5 exf5 23. Qxg7 Rxh5 24. Nf4
$132) 22. Rf3 Nc6 (22... Nf5 $5) 23. Ng5 Rb7 24. Bh3 Nd8 {Nikolic defended all
squares around his king,his pawns are ready to move, White needs to do
something quickly.I was sure that Judit will play now 25.Ke2 with idea to use
passive rook c1 in attack, but she choose strange..} 25. Qg1 {[%cal Ye1e2,
Yc1a1]} Ng8 26. Bg4 Qb2 27. Nh3 {[%cal Rh3f4,Rf4g6]} b4 ({After the game Judit
show me fanny variation} 27... Nc6 28. Ke2 Ke8 (28... Nge7 $5) 29. Bf5 Nge7 (
29... Kf8 30. Rb1 Qa3 31. Ra1 Qe7 32. Bg6 $132) 30. Qxg7 $1 Rg8 $2 31. Qxf7+ $3
Kxf7 32. Bg6+ Kg7 33. Rf7+ Kh8 34. Rh7# {but this is just a dream.}) 28. Nf4
Ne7 29. Bh3 (29. Ng6+ Nxg6 30. hxg6 b3) 29... b3 (29... bxc3 $5 30. Rxc3 (30.
Be3 $5) 30... Ndc6) 30. Ke2 (30. cxb3 cxb3 31. Nd3 Qa2) ({I think, that
stronger was} 30. Qg5 $5 {with many tactical possibilities} Ke8 (30... Kg8 $6
31. Rg3 Rh7 32. h6 g6 33. Nh5 $40) (30... a4 $2 31. Ng6+ $1 $18) 31. Qxg7 Rg8
32. Qh7 Rg1+ 33. Bf1 a4) 30... a4 31. Ng6+ (31. cxb3 axb3) (31. Qg5 $5) 31...
Nxg6 32. Qxg6 Qa3 (32... Kg8 33. Qg5 Nc6 34. Rg1 Rh7 35. Rfg3 Qxc2 36. Qf6 Kf8
37. Rxg7 Qd3+ 38. Ke1 $132) 33. h6 {Finally White manage to organize strong
attack, but, unfortunately black pawns too strong.} (33. Rg1 Ke8 34. Qxg7 Qf8
35. h6 b2 $19) 33... Rxh6 $1 34. Bxh6 gxh6 35. Qf6 (35. Rg1 Ke8) (35. Qxh6+ Ke8
36. Rg1 Qf8) 35... Ke8 36. Rg1 Qf8 {At that moment each player had 1-1,5
minutes left. Honestly, I was completely desperate and thought already what I
have to say to Judit after game. But she doesn't lose her head and admit
really brave decision-kihg must to block pawns himself!} (36... Qe7 $5 37. cxb3
(37. Qh8+ Kd7 38. Rg8 Kc7) 37... cxb3 38. Kd2 a3 39. Qxe7+ Kxe7 40. Kc1) (36...
Qf8) 37. cxb3 $1 cxb3 38. Kd2 $1 b2 (38... a3 39. Kc1 a2 40. Kb2 Ra7 41. Ka1)
39. Kc2 a3 40. Kb1 a2+ $2 {Last move in time troubles and very serious mistake.
} ({Black could easy win after} 40... Bd7 {For example} 41. c4 (41. Rfg3 a2+
42. Kxa2 Ra7+ 43. Kxb2 Qa3+ 44. Kc2 Qa2+ 45. Kd3 Bb5+ 46. Ke3 Qe2+ 47. Kf4 Qe4#
{Matt!}) 41... a2+ 42. Kxa2 b1=Q+ $1 (42... Ra7+ 43. Kxb2 Qb4+ 44. Rb3 Qd2+ 45.
Kb1 Qa2+ 46. Kc1 Qa1+ 47. Kc2 Ra2+ 48. Kd3 dxc4+ 49. Ke3 Qxg1 50. Qh8+ Ke7 51.
Qf6+ Kf8 52. Qh8+ (52. Qxd8+ Be8 $19) 52... Qg8 53. Qxg8+ Kxg8 54. Rb8 Kf8 $1
55. Rxd8+ Ke7 {[%csl Ga2][%cal Ya2a3,Ya3h3]}) 43. Rxb1 Ra7+ 44. Kb3 (44. Kb2
Qb4+ 45. Kc1 Qe1+ 46. Kc2 Ra2+ 47. Rb2 Qe2+ $19) 44... Qa3+ 45. Kc2 Ba4+ 46.
Kd2 Qa2+ 47. Ke3 Qxb1 48. Qh8+ Kd7 49. Bxe6+ fxe6 50. Qg7+ Kc8 51. Qxa7 Qc1+
52. Kd3 dxc4+ $19) 41. Kxa2 Ra7+ $6 {Second mistake and now White's chances
are better!} ({Better was} 41... Bd7 $1 42. Rb1 Ra7+ 43. Kxb2 Qa3+ 44. Kc2 Ba4+
45. Kd3 Qa2 46. Rg1 Qc2+ 47. Ke3 {and Black have draw but maybe nothing more.})
42. Kxb2 Qa3+ 43. Kc2 Qa2+ 44. Kd3 Qc4+ 45. Ke3 Qxc3+ 46. Kf4 Qxd4+ 47. Kg3 {
According to material balance Black is OK, but knight and bishop are very
passive.} Re7 48. Bf1 $1 {[%cal Rf1b5]} (48. Rc1 Ba6 49. Rfc3 Bc4) 48... Qb2
49. Bd3 Nc6 50. Re3 d4 51. Rf3 {Simply and strong.} (51. Be4 Nb4 (51... dxe3
52. Bxc6+ Kd8 53. Rd1+ Kc7 54. Qxe7+ Kxc6 55. Qd6+ Kb7 56. fxe3 $18) 52. Rd1
Rc7) 51... Qb8 52. Re1 Kd7 53. Kh3 {Black is hopeless now.All white pieces
will take part in final hunt.} Qb4 54. Rc1 $1 Qa4 (54... Qb6 55. Be4 Bb7 56.
Rb1 Qa7) 55. Be4 Bb7 56. Rd3 Qa7 57. Rc4 $18 Qa1 (57... Qa8 58. Rb3) 58. Bxc6+
Bxc6 59. Rdxd4+ (59. Rdxd4+ Bd5 60. Rxd5+ exd5 61. Qd6+ Ke8 62. Rc8# {Nice end
(for a White!) of long and dramatical fight.}) 1-0

[Event "EU-ch 2nd"]
[Site "Ohrid"]
[Date "2001.06.10"]
[Round "9"]
[White "Short, Nigel D"]
[Black "Shulman, Yuri"]
[Result "0-1"]
[WhiteElo "2676"]
[BlackElo "2551"]
[Annotator "Psakhis,L"]
[PlyCount "48"]
[EventDate "2001.06.01"]
[EventType "swiss"]
[EventRounds "13"]
[EventCountry "YUG"]
[SourceTitle "CBM 084"]
[Source "ChessBase"]
[SourceDate "2001.09.13"]
[SourceVersion "1"]
[SourceVersionDate "2001.09.13"]
[SourceQuality "1"]

1. e4 e6 2. d4 d5 3. Nc3 Bb4 4. e5 c5 5. a3 Bxc3+ 6. bxc3 Ne7 7. Qg4 O-O 8. Bd3
Qa5 $5 {This line became very popular, mostly thank's to efforts of GM
Rustemov, who manage to win many good and instructive games using 8... Qa5.} 9.
Ne2 {Nigel tring to avoid theoretical discussion.Most principal continuation
is , surely,} (9. Bd2 Nbc6 10. Nf3 f5 11. exf6 Rxf6 12. Qh5 {but it is
difficult to find any advantage for white after} Nf5 $1 13. g4 c4 {for example.
} 14. Be2 Nd6 15. Ne5 Ne4 16. Nxc6 bxc6 17. f3 Nxd2 18. Kxd2 c5 19. Qe5 cxd4
20. Qxd4 Qc7 $36 {[%csl Rd2] 0-1 Videki,S-Farago,I/HUN t-ch 2000 (36)}) 9...
cxd4 10. Bg5 (10. Bd2 dxc3 11. Bxc3 Qc7 12. h4 Nbc6 13. Rh3 Nf5 14. Qf4 d4 15.
Bb4 Nxb4 16. axb4 Bd7 17. g4 Ne7 18. Qxd4 Rfd8 19. Qe4 Ng6 $132 {0-1
Gabrielsen,S-Djurhuus,R/NOR-ch Asker 2000/ (35)}) 10... Ng6 11. f4 Nd7 12. h4
$146 {This new move hardly can be recommended. Shabalov played} (12. Bxg6 {
and quickly won game after} hxg6 $2 ({but in the case of correct} 12... fxg6 $1
13. Qxe6+ Rf7 14. Qe8+ Rf8 15. Qe6+ Rf7 {Black equalise immediately} 16. a4 h6
(16... Nf6 $5 17. Qd6 Ne4 18. Qb4 Qxb4 19. cxb4 Nxg5 20. fxg5 Bd7 21. Nxd4 Re8
$13) 17. Qe8+ Rf8 18. Qe6+ Rf7 19. Qe8+ Rf8 20. Qe6+ {1/2-1/2 Baklan,V-Gdanski,
J/BL 2001/ (20)}) 13. h4 $1 f5 14. Qh3 Nc5 15. h5 gxh5 16. Qxh5 Ne4 17. Be7 Bd7
18. Qg6 Qb5 19. Rh7 Rf7 20. Bf6 {1-0 Shabalov,A-Rustemov,A/Bad Wiessee op 1999
(20)}) 12... f5 $1 13. Qg3 (13. Qh3 {[%cal Gg2g4] Worth considering}) 13... Rf7
14. h5 Ngf8 15. Qh4 (15. h6 g6) 15... Nc5 16. Be7 dxc3 $19 {Results of opening
are really sad for White - he lost ( sucrifice?) two pawns and hasn't any
compensation for material defecit.} 17. Rh3 Bd7 18. Nd4 Rc8 19. Bxc5 Qxc5 20.
Qf2 Ba4 21. Ke2 Qb6 22. Rg1 $6 (22. Rhh1 $1 {[%cal Gh1b1] with the idea to use
rook for defence was much stronger, but, I suspect, Nigel just wanted finish
this game as soon as possible.}) 22... Nd7 {[%cal Gd7c5,Gc5e4]} 23. g4 $2 fxg4
24. Rxg4 Nxe5 $1 0-1

[Event "CUB-ch"]
[Site "Holguin"]
[Date "2002.04.06"]
[Round "6"]
[White "Vazquez Igarza, Renier"]
[Black "Arencibia Rodriguez, Walter"]
[Result "0-1"]
[WhiteElo "2442"]
[BlackElo "2542"]
[Annotator "Psakhis,L"]
[PlyCount "70"]
[EventDate "2002.03.31"]
[EventType "tourn"]
[EventRounds "17"]
[EventCountry "CUB"]
[EventCategory "9"]
[SourceTitle "CBM 089"]
[Source "ChessBase"]
[SourceDate "2002.08.12"]
[SourceVersion "1"]
[SourceVersionDate "2002.08.12"]
[SourceQuality "1"]

1. e4 e6 2. d4 d5 3. Nc3 Bb4 4. e5 c5 5. a3 Bxc3+ 6. bxc3 Nc6 {Black now are
trying all possible moves with idea to avoid} (6... Ne7 $5 7. Qg4) 7. Qg4 g6 8.
Qd1 {I am not sure that this is the best move.Worth considering} (8. Nf3 $5 Qa5
9. Bd2 Qa4 10. Ra2 Bd7 11. Qf4 c4 12. Be2 h6 13. O-O Rh7 14. Qh4 Rg7 15. Rb1
$14 {1-0 Agdestein,S-Knott,S/BCF t-ch 0102 2002/The Week in Chess 386 (34)}) ({
or} 8. a4 $5 Qc7 9. Bd2 f6 10. Nf3 fxe5 11. Nxe5 Nf6 12. Qf4 O-O 13. Nxc6 Qxc6
14. Bb5 Qb6 15. dxc5 Qxc5 16. Qd4 $1 Qxd4 17. cxd4 $14 {1-0 Atlas,V-Weinzettl,
E/AUT-chT 1997/CBM 61 (36)}) 8... Qa5 9. Bd2 Qa4 10. Nf3 b6 $5 {[%cal Gc8a6]} (
10... Bd7 11. Bd3 O-O-O 12. dxc5 f6 13. Qe2 Qa5 14. O-O Qxc5 15. Rfb1 Kb8 16.
c4 $16 {1-0 David,A-Claesen,P/Andorra zt 1998 (25)}) (10... c4 11. g3 Bd7 12.
h4 h6 13. Bh3 O-O-O 14. O-O Kb8 15. Re1 Rc8 16. Qc1 $1 $14 {1-0 Rodriguez,
A-Dimitrov,V/Mondariz op 1994 (27)}) 11. Qb1 (11. Bg5 Ba6 12. Bd3 h6 13. Be3
cxd4 14. cxd4 Rc8 15. O-O Nge7 16. Bxa6 Qxa6 17. Qd3 Qxd3 18. cxd3 Nf5 $15 {
0-1 Penttinen,J-Kekki,J/Heart of Finland 1992 (34)}) (11. dxc5 $5 bxc5 12. c4)
11... Ba6 12. Bxa6 ({White get nothing after} 12. Qb3 Qxb3 13. cxb3 Bxf1 14.
Rxf1 Na5 $11) 12... Qxa6 13. a4 {[%cal Gb1b5]} cxd4 (13... Qc4 14. Qb3 Na5 15.
Qb5+ $1 $13) 14. cxd4 Qc4 15. Qb5 (15. Qb3 Nxd4 $1) 15... Nge7 16. h4 (16. Ra3
$5 {[%cal Gb5b2]}) 16... h6 $1 17. h5 g5 18. c3 O-O-O $1 19. Nh2 $1 {[%cal
Gh2g4] Good plan. Vazquez brings night to g4 and black must play carefully,
other case he will found himself in the bad position soon} (19. Rb1 $5) 19...
Na5 20. Ng4 {[%csl Rh6][%cal Gg4e3]} Qc7 21. Rh3 (21. Ne3 Nf5) ({I would
prefer white's position after} 21. f4 $1 gxf4 22. O-O $36) 21... Nc4 22. Ne3 (
22. Rf3 Nf5) 22... Nxe3 23. Rxe3 Nc6 {[%cal Gc6a5] Another knight is running
to c4.} 24. a5 {This idea looks better than it is in reality. White has
nothing to worry about after} (24. Rf3 Na5 25. Rf6 {[%cal Gf2f4]}) 24... Nxa5
25. Rxa5 bxa5 26. c4 Qb6 {Black has many pieces around the king and White
can't creat real attack.} 27. Qa4 dxc4 $1 28. Qxc4+ (28. Bxa5 Qa6 $1 $19) 28...
Kd7 (28... Qc7 $2 29. Qxc7+ Kxc7 30. Bxa5+) 29. d5 exd5 30. Qa4+ (30. Qxd5+ Ke8
31. Qa2 Rb8 $17 {doesn't help.}) 30... Qc6 ({Worth considering brave} 30... Ke6
$5) 31. Qxa5 Rb8 32. Qxa7+ (32. Rd3 Ke6) 32... Rb7 33. Qa1 Re8 $5 ({Arencibia
decided not to count variations like} 33... Rhb8 34. e6+ Ke7 35. Qg7 Rb1+ 36.
Ke2 Qc4+ {and choose a simple and strong move.}) 34. Qd1 {White queen new and
better days} Qc4 {[%csl Re1] White had problems with this square!} 35. Bc3 Reb8
0-1

[Event "WchT 5th"]
[Site "Yerevan"]
[Date "2001.10.19"]
[Round "8.2"]
[White "Ponomariov, Ruslan"]
[Black "Vaganian, Rafael A"]
[Result "1-0"]
[WhiteElo "2684"]
[BlackElo "2650"]
[Annotator "Psakhis,L"]
[PlyCount "113"]
[EventDate "2001.10.12"]
[EventType "team-tourn"]
[EventRounds "9"]
[EventCountry "ARM"]
[SourceTitle "CBM 086"]
[Source "ChessBase"]
[SourceDate "2002.02.05"]
[SourceVersion "1"]
[SourceVersionDate "2002.02.05"]
[SourceQuality "1"]
[WhiteTeam "Ukraine"]
[BlackTeam "Armenia"]
[WhiteTeamCountry "UKR"]
[BlackTeamCountry "ARM"]

1. e4 e6 2. d4 d5 3. Nc3 Bb4 4. e5 c5 5. a3 Ba5 6. b4 cxd4 7. Nb5 (7. Qg4 Ne7
8. bxa5 dxc3 9. Qxg7 Rg8 10. Qxh7 Nbc6 11. Nf3 {leads to more complicated game}
) 7... Bc7 8. f4 Bd7 9. Nxc7+ {Eliminate one of the best defender} Qxc7 10. Bd3
a6 11. Nf3 Nh6 12. Bb2 $5 {[%mdl 4]} ({In the case of} 12. O-O Bb5 $1 13. Bxb5+
axb5 14. Qd3 Nc6 15. Qxb5 Qd7 16. Qc5 (16. Ng5 f6 17. Nf3 O-O 18. Bb2 fxe5 19.
fxe5 Nf5 20. Qd3 h6 21. Bxd4 Nfxd4 22. Nxd4 Rxf1+ 23. Rxf1 Nxd4 24. Qxd4 Rxa3
25. c4 {1/2-1/2 Bichsel,W-Hug,W/SUI-chT 1994 (25)}) 16... Rc8 {Black got good
counterplay, for example} 17. Re1 Nf5 18. Qb6 h5 19. Re2 O-O 20. Bb2 Nce7 21.
Nxd4 Rc4 $44 {0-1 Almasi,Z-Hug,W/Altensteig 1994 (28)}) ({Worth considering and
} 12. a4 $5 {with possible continuation} Nf5 13. Qd2 Nc6 14. Bb2 O-O (14... Qb6
15. b5 axb5 16. axb5 Rxa1+ 17. Bxa1 Qa5 18. bxc6 Qxa1+ 19. Kf2 Qxh1 20. cxd7+
Kxd7 21. Bxf5 exf5 22. e6+ fxe6 23. Ne5+ Kc8 24. Qxd4 Rd8 25. Qc5+ Kb8 26. Qb6
Kc8 27. Qxe6+ Kc7 $11 {1/2-1/2 Atlas,V-Kindermann,S/Ptuj (zt) 1995/Inf 63/ (31)
}) 15. Bxf5 (15. O-O $5 Ne3 16. Rfb1 Nc4 17. Bxh7+ $1 Kh8 18. Qf2 g6 19. Qh4
Kg7 20. Ng5 Rh8 21. Rf1 $40 {1-0 Zezulkin,J-Ribic,K/Oberliga Nord O9899 1999 
(29)}) 15... exf5 16. Bxd4 Nxd4 17. Nxd4 f6 18. Nf3 fxe5 19. Nxe5 d4 20. O-O
Rad8 21. Nf3 {Almasi,Z-Lputian,S/Pula 1997/1-0 (44) with white's advantage})
12... Ba4 $146 {Novelty} ({After} 12... O-O 13. Ng5 f5 14. exf6 Rxf6 15. O-O {
white's attack on >> is quite dangerous-} Nc6 16. Nxh7 Rxf4 17. Qh5 Qe5 18. Ng5
Be8 19. Bh7+ Kh8 20. Bg6 Bxg6 21. Qxg6 Qf5 22. Qxf5 Rxf5 23. Nxe6 $14 {1/2-1/2
Minasian,A-Lputian,S/EU Cup Gr1 Yerevan 1997/EXT 2001 (49)}) ({Black could
exchange bishops} 12... Bb5 {but he must pay price for it-} 13. Bxb5+ axb5 14.
Nxd4 {[%csl Rb5]} Qc4 15. Qd3 $16) 13. Bxd4 (13. Nxd4 Nc6 14. O-O O-O $13)
13... Bb5 {This is an idea of Vaganian's strategy- d4 square occupied by
bishop and White can't win pawn so quickly.But, unfortunately for Black, White
keep advantage any case.} 14. O-O (14. Bxb5+ axb5 15. Bc5 b6 16. Bd6 $140 Qc3+)
14... Nf5 15. Bf2 h5 (15... O-O 16. g4 Bxd3 (16... Ne7 17. Bxb5 axb5 18. Bc5
Nbc6 19. Qd3 $16) 17. cxd3 {[%cal Ga1c1]}) 16. Ng5 $5 {Even stronger than} (16.
a4 Bxd3 17. cxd3 Qd7 18. Qd2 $36 {also with good game}) 16... Bxd3 $6 {Open
c<-> what is clearly to white's fvour. Vaganian had to play} (16... Nc6 $5 {
and in the case of} 17. Bxb5 axb5 18. Qd3 Qd7 19. Qxb5 $140 Nxe5 $13 {with
complicated game.}) 17. cxd3 Nc6 18. Rc1 Qd8 (18... Qd7 $5) 19. Re1 Rc8 20. Bc5
$16 {[%csl Re8,Rh8] White's advantage is obvious thank's to bad position of
black monarch.} Ncd4 21. h3 b6 (21... h4 $142) 22. Bxd4 Nxd4 23. Rxc8 Qxc8 24.
Qa1 $1 Nf5 (24... Nc6 25. Rc1 {[%cal Gc1c8]}) 25. Rc1 Qd7 26. Qc3 {Ponomariov
keeps control on c <->, his pieces are more active, but Black still has some
defensive chances.} O-O {Better later than never!} 27. Qc6 Qd8 (27... Qxc6 28.
Rxc6 Rb8 29. Rc7 Rf8 30. Kf2 $18) 28. Qb7 Nd4 29. Kf2 Qb8 $8 30. Rc7 (30. Qxb8
$5 Rxb8 31. Rc7 f6 $140 $6 32. exf6 gxf6 33. Nh7 $18) 30... Qxb7 31. Rxb7 {
[%mdl 4096]} b5 ({Maybe} 31... f6 32. exf6 gxf6 (32... Rxf6 33. Rxb6 Rxf4+ 34.
Ke3 e5 35. Rxa6 $18) 33. Nf3 Nxf3 34. Kxf3 $16 {was the smallest evil.}) 32.
Ra7 h4 $5 (32... f6 33. exf6 Rxf6 34. Ke3 Nf5+ 35. Kd2 Nd4 36. Ra8+ $1 Rf8 37.
Rxa6 Rxf4 38. Nxe6 $18) 33. Ke3 ({Worth considering} 33. Nf3 $5 {and rook
ending will be very difficult for black.}) 33... Nf5+ 34. Kf3 g6 (34... Nd4+
35. Kg4 f6 36. Nf3 $18) 35. Kg4 Ne3+ $8 36. Kxh4 Nxg2+ 37. Kg3 Ne1 (37... Ne3
$5 38. Rxa6 Nf5+) 38. Rxa6 Nxd3 39. Ra7 Rc8 ({I have feeling that} 39... Nb2 $5
40. Rb7 d4 {could be last real chance for Black, for example} 41. Rxb5 d3 42.
Ne4 Nc4 43. a4 $16) 40. Nxf7 Rc4 (40... Rc3 41. Kg4) 41. Nh6+ (41. Nd6 $1 Rxf4
42. Re7) 41... Kh8 42. Rf7 g5 (42... Rc3 43. Kg4 Rxa3 44. Kg5 $18 {[%csl Gg5]})
43. fxg5 Nxe5 44. Rf6 Kg7 (44... Rc3+ $5) 45. Rxe6 Rc3+ 46. Kf4 $18 Ng6+ 47.
Kf5 Rf3+ 48. Kg4 Rxa3 49. Nf5+ Kh7 50. h4 {Rest is simple} Rb3 51. h5 Rxb4+ 52.
Kg3 Rb3+ 53. Kf2 Rb2+ 54. Ke1 Nf8 55. Rf6 Rg2 56. Rf7+ Kg8 57. Nh6+ 1-0